000 00793nam a2200265Ia 4500
003 OSt
005 20220930085609.0
006 a|||||r|||| 00| 0
007 ta
008 220926b |||||||| |||| 00| 0 hin d
024 _a102501
037 _cTheses
040 _aCRL
_cCRL
_bhin
041 _2hin
_ahin
100 _aTanwar Krishna
_9540680
110 _aUniversity of Delhi. Faculty of Arts. Department of Hindi
245 0 _aKrishna Sobti aur Mridula Garg ke upanyason ke nari paatra
260 _c2008
300 _a255
_ap.
_ccm.
650 _aHINDI LITERATURE
_923866
700 _a Dr. Anila Sood Gu.
_9540681
700 _aUniversity of Delhi. Faculty of Arts. Department of Hindi
942 _cDIS
_2CC
999 _c879208
_d879208